000 00621nam a2200229Ia 4500
003 BUBTL
008 151213s9999 xx 000 0 und d
020 _a0-07-043014-4
082 _a658.4012
_bMIM
100 _aAlex Miller
245 _aStrategic management
_cAlex Miller
250 _a3rd
260 _aBoston
_bMcGraw hill
_c1998
300 _a[xxv] , 579p . :
_bill , Chart ,Graph , Map ; 22cm .
_cManagement .
500 _aIncludes Index .
650 _aManagement
650 _aManagement
700 _aAlex Miller
856 _k0
_l0
_yDownload
942 _2ddc
_cBK
999 _c1119
_d1119